Acteurs en F (par images). - Statistiques

Statistiques générales
  • Ce quiz a été pris 748 fois
    349 depuis la dernière actualisation
  • Le résultat moyen est 9 sur 16
Statistiques - réponses
Par images Réponse % Correct
Morgan Freeman
96%
Harrison Ford
86%
Fernandel
79%
Megan Fox
77%
Marina Foïs
71%
Jodie Foster
55%
Jamie Foxx
54%
Tom Felton
49%
Élodie Fontan
46%
Catherine Frot
45%
Ralph Fiennes
45%
James Franco
44%
Colin Firth
41%
Colin Farrell
37%
Henry Fonda
32%
Sally Field
11%
Aucun quiz correspondant
Distribution des résultats
% des personnes avec chaque résultat
Percentile par nombre de réponses
Votre historique - résultats
Vous n’avez pas pris ce quiz depuis la dernière actualisation